[Event "Tianjin Binhai Cup-A 3rd"]
[Site "Tianjin"]
[Date "2023.08.25"]
[Round "9"]
[White "Chen, Hongsen"]
[Black "Bai, Changlin"]
[Result "1-0"]
[WhiteElo "1985"]
[BlackElo "1808"]
[PlyCount "113"]
[EventDate "2023.08.20"]
[EventType "swiss"]
[EventRounds "9"]
[EventCountry "CHN"]
[SourceTitle "CBM 215 Extra"]
[Source "ChessBase"]
[SourceDate "2023.09.30"]
[SourceVersion "1"]
[SourceVersionDate "2023.09.30"]
[SourceQuality "1"]

1. d4 Nf6 2. c4 e6 3. Nf3 d5 4. g3 Be7 5. Bg2 0-0 6. 0-0 b6 7. Nc3 Bb7 8. cxd5 exd5 9. Bf4 Nbd7 10. a4 c5 11. a5 Ne4 12. Nxe4 dxe4 13. Nd2 cxd4 14. Nxe4 Nc5 15. Nxc5 Bxg2 16. Kxg2 bxc5 17. Qb3 Bd6 18. Bxd6 Qxd6 19. Qb7 Rab8 20. Qe4 Rxb2 21. Rfb1 Rxb1 22. Rxb1 Rc8 23. Rb7 g6 24. Rxa7 Kg7 25. Qg4 Qd5+ 26. Kh3 Re8 27. Rc7 Re5 28. Qf3 Qe6+ 29. Kg2 c4 30. Rc6 Qe7 31. Rxc4 Rxa5 32. Rxd4 Re5 33. Qc3 Kg8 34. Rc4 Qb7+ 35. Qf3 Qa6 36. Qd3 Qa8+ 37. f3 h5 38. Qc2 Kh7 39. Rc7 Qe8 40. e4 Re6 41. Qc3 Qf8 42. Qc4 Kh6 43. Qd5 Qe8 44. Ra7 Qf8 45. h4 Qg8 46. Ra8 Qg7 47. Kh3 Qc3 48. Qg5+ Kh7 49. Qd8 Qg7 50. Ra7 Rf6 51. f4 Rc6 52. Qe8 Rf6 53. e5 Rf5 54. e6 Rxf4 55. Rxf7 Rxf7 56. exf7 g5 57. f8N+ 1-0

[Event "CHN-ch U16"]
[Site "Shenzhen"]
[Date "2023.08.01"]
[Round "9"]
[White "Bai, Changlin"]
[Black "Wang, Xiaozhi"]
[Result "1-0"]
[WhiteElo "1808"]
[BlackElo "1863"]
[PlyCount "70"]
[EventDate "2023.07.28"]
[EventType "swiss"]
[EventRounds "11"]
[EventCountry "CHN"]
[SourceTitle "CBM 215 Extra"]
[Source "ChessBase"]
[SourceDate "2023.09.30"]
[SourceVersion "1"]
[SourceVersionDate "2023.09.30"]
[SourceQuality "1"]

1. d4 Nf6 2. Nf3 g6 3. c4 Bg7 4. Nc3 0-0 5. e4 d6 6. Be2 e5 7. dxe5 dxe5 8. 0-0 Nbd7 9. Be3 c6 10. b4 Qe7 11. Qb3 Rd8 12. Rfd1 Ng4 13. Bg5 f6 14. c5+ Kh8 15. Bh4 g5 16. Bg3 Nf8 17. Ne1 Be6 18. Qb2 Nh6 19. Nc2 f5 20. exf5 Nxf5 21. Ne4 Ng6 22. Ne3 Nd4 23. Bc4 Bxc4 24. Nxc4 h5 25. h3 Nf4 26. Ncd6 Rf8 27. Bxf4 Rxf4 28. a4 Raf8 29. Ra3 g4 30. Rdd3 Qh4 31. g3 Qxh3 32. Ng5 Rxf2 33. Qxf2 Rxf2 34. Nxh3 Rb2 35. Nf2 Rxb4 1-0

[Event "CHN-ch U16"]
[Site "Shenzhen"]
[Date "2023.07.29"]
[Round "3"]
[White "Bai, Changlin"]
[Black "Liao, Jinxin"]
[Result "0-1"]
[WhiteElo "1808"]
[BlackElo "1610"]
[PlyCount "52"]
[EventDate "2023.07.28"]
[EventType "swiss"]
[EventRounds "11"]
[EventCountry "CHN"]
[SourceTitle "CBM 215 Extra"]
[Source "ChessBase"]
[SourceDate "2023.09.30"]
[SourceVersion "1"]
[SourceVersionDate "2023.09.30"]
[SourceQuality "1"]

1. d4 Nf6 2. Bg5 e6 3. Nd2 h6 4. Bf4 d5 5. e3 c5 6. c3 Be7 7. h3 Nbd7 8. Bd3 b6 9. Ngf3 Bb7 10. Qb1 0-0 11. g4 Re8 12. g5 hxg5 13. Nxg5 Nf8 14. Rg1 Bd6 15. Be5 Qe7 16. Ndf3 Rac8 17. Ke2 cxd4 18. cxd4 Rc7 19. Bxd6 Qxd6 20. Ne5 Rec8 21. h4 Ne4 22. Nxe4 dxe4 23. Bxe4 Bxe4 24. Qxe4 Rc2+ 25. Kf3 f5 26. Qf4 Qd5+ 0-1

[Event "Tianjin Binhai Cup 2nd"]
[Site "Tianjin"]
[Date "2020.01.18"]
[Round "9"]
[White "Sun, Yidi"]
[Black "Bai, Changlin"]
[Result "1-0"]
[WhiteElo "2168"]
[BlackElo "1832"]
[PlyCount "137"]
[EventDate "2020.01.13"]
[EventType "swiss"]
[EventRounds "9"]
[EventCountry "CHN"]
[SourceTitle "CBM 194 Extra"]
[Source "ChessBase"]
[SourceDate "2020.03.31"]
[SourceVersion "1"]
[SourceVersionDate "2020.03.31"]
[SourceQuality "1"]

1. e4 e6 2. d4 d5 3. e5 c5 4. c3 Nc6 5. Nf3 Qb6 6. a3 cxd4 7. cxd4 Nh6 8. Bd3 g6 9. Nc3 Nf5 10. Bxf5 gxf5 11. 0-0 Na5 12. Ng5 h5 13. b4 Nc4 14. Nh3 Bd7 15. Bg5 Be7 16. Bxe7 Kxe7 17. Nf4 Qc6 18. b5 Qc8 19. Rc1 b6 20. Qb3 Qb7 21. Qb4+ Ke8 22. Rfe1 Rh6 23. h4 Rc8 24. Rcd1 a5 25. Qb3 Ke7 26. Rd3 Rg8 27. Nd1 Rg4 28. g3 Rg8 29. a4 f6 30. Ne3 fxe5 31. dxe5 Rc8 32. Rd4 Nxe3 33. Qxe3 Rh7 34. Ng6+ Kf7 35. Qg5 Rg7 36. Qf6+ Kg8 37. Ne7+ Kh7 38. Nxc8 Qxc8 39. Rxd5 Qc3 40. Qxg7+ Kxg7 41. Rxd7+ Kg6 42. Re3 Qa1+ 43. Kg2 Qxa4 44. Rd6 Qxb5 45. Rxe6+ Kg7 46. Rd6 Qc5 47. Rd7+ Kf8 48. e6 Ke8 49. Rf7 a4 50. Rf3 Qc6 51. R7xf5 a3 52. Rf8+ Ke7 53. R8f7+ Ke8 54. Ra7 b5 55. Raxa3 Ke7 56. Rae3 b4 57. Kh2 Qb5 58. Rf4 b3 59. Rf7+ Ke8 60. Rff3 Ke7 61. Rxb3 Qd5 62. Rbe3 Qa2 63. Rf5 Qd2 64. Rf7+ Ke8 65. e7 Qxe3 66. fxe3 Kxf7 67. g4 hxg4 68. Kg3 Kxe7 69. Kxg4 1-0

[Event "Belt and Road Hunan op-C"]
[Site "Changsha"]
[Date "2019.07.31"]
[Round "5"]
[White "Bai, Changlin"]
[Black "Wang, Bingfei"]
[Result "0-1"]
[WhiteElo "1749"]
[BlackElo "1435"]
[PlyCount "112"]
[EventDate "2019.07.29"]
[EventType "swiss"]
[EventRounds "9"]
[EventCountry "CHN"]
[SourceTitle "EXT 2020"]
[Source "ChessBase"]
[SourceDate "2019.10.17"]
[SourceVersion "1"]
[SourceVersionDate "2019.10.17"]
[SourceQuality "1"]

1. d4 d5 2. Nf3 Nf6 3. c4 c6 4. e3 Bf5 5. Qb3 Qb6 6. cxd5 cxd5 7. Qxb6 axb6 8. a3 e6 9. Nc3 Nc6 10. Bd2 Be7 11. Bb5 0-0 12. 0-0 Ne4 13. Nxe4 Bxe4 14. Bc3 Rfc8 15. Rfc1 Na5 16. Nd2 Kf8 17. f3 Bg6 18. Bb4 Nc6 19. Bxe7+ Nxe7 20. Bd7 Rc2 21. Rxc2 Bxc2 22. Rc1 Ba4 23. Bxa4 Rxa4 24. Rc7 Ra7 25. Nb3 Ke8 26. Nc1 Kd8 27. Rc3 Ra8 28. Rb3 Rc8 29. Nd3 Rc6 30. Kf1 Nc8 31. a4 Nd6 32. Ke1 Kc7 33. Rc3 Rxc3 34. bxc3 b5 35. axb5 Nxb5 36. Kd2 Nd6 37. Nc5 b6 38. Nd3 Kc6 39. Ne5+ Kb5 40. Kd3 Ka4 41. Nd7 Nc4 42. e4 Kb3 43. exd5 exd5 44. Ne5 Nb2+ 45. Kd2 Na4 46. Nd7 b5 47. Kd3 Nxc3 48. Nc5+ Kb2 49. Na6 Kb3 50. Nc5+ Kb4 51. Na6+ Ka5 52. Nc7 b4 53. Kc2 Kb6 54. Ne8 Ne2 55. Kb3 Ka5 56. Nc7 Nxd4+ 0-1

[Event "Shijiazhuang op 2nd"]
[Site "Shijiazhuang"]
[Date "2016.08.15"]
[Round "7"]
[White "Lu, Miaoyi"]
[Black "Bai, Changlin"]
[Result "0-1"]
[WhiteElo "1050"]
[BlackElo "1532"]
[PlyCount "80"]
[EventDate "2016.08.09"]
[EventType "swiss"]
[EventRounds "9"]
[EventCountry "CHN"]
[SourceTitle "CBM 173 Extra"]
[Source "ChessBase"]
[SourceDate "2016.08.29"]
[SourceVersion "1"]
[SourceVersionDate "2016.08.29"]
[SourceQuality "1"]

1. d4 b6 2. c4 Bb7 3. Nc3 f5 4. e3 Nf6 5. Nf3 e6 6. Bd3 Bb4 7. a3 Bxc3+ 8. bxc3 Ne4 9. Bb2 d6 10. 0-0 0-0 11. Qb3 Ng5 12. Nxg5 Qxg5 13. d5 Nd7 14. Be2 Nc5 15. Qd1 e5 16. f4 exf4 17. exf4 Qe7 18. Bh5 g6 19. Re1 Qh4 20. Bf3 Qxf4 21. Re7 Qxc4 22. Qd2 Rae8 23. Rxc7 Nb3 24. Rxc4 Nxd2 25. Rc7 Nxf3+ 26. gxf3 Bxd5 27. c4 Rf7 28. Rxf7 Bxf7 29. Rd1 Bxc4 30. Bc3 d5 31. Kf2 Re2+ 32. Kg3 Re3 33. Bb4 Kf7 34. Kf4 Re2 35. Kg3 g5 36. Rd2 f4+ 37. Kg4 Kg6 38. Kh3 Rxd2 39. Bxd2 Bf1+ 40. Kg4 h5# 0-1